Bienvenue au Catalogue en Ligne des Bibliothèques de l'Universite du Burundi

Etude des préferences Alimentaires du ver de terre Eudrilus eugeniae (kinberg,1867) vis à vis de Six déchets organigues (Record no. 53873)

000 -GUIDE
Champ de contrôle de longueur fixe 00996nam a22002297a 4500
003 - IDENTITÉ DU NUMÉRO DE CONTRÔLE
Champ de contrôle BI-BuBU
008 - ÉLÉMENTS DE LONGUEUR FIXE - RENSEIGNEMENTS GÉNÉRAUX
Champ de contrôle de longueur fixe 260513b2025 bd fr|||| 000 0 fre d
037 ## - SOURCE D'ACQUISITION
Source d'acquisition et du numéro d'inventaire don
039 ## - NIVEAU DE CONTRÔLE BIBLIOGRAPHIQUE ET HISTORIQUE D'ENCODAGE [OBSOLETE]
Date creation 20260513112105.0
Nom catalographe Joëlla Nshimirimana
040 ## - SOURCE DU CATALOGAGE
Organisme qui a effectué le catalogage original BI-BuBU
Code de la langue utilisée dans le catalogage fre
Organisme qui a effectué la transcription BI-BuBU
Organisme qui a effectué la modification BI-BuBU
041 0# - CODE DE LANGUE
Code de langue du texte/de la piste sonore ou du titre distinct fre
080 ## - INDICE DE LA CLASSIFICATION DÉCIMALE UNIVERSELLE (CDU)
Indice de la Classification décimale universelle 631.879.4
100 1# - VEDETTE PRINCIPALE - NOM DE PERSONNE
Code de relation aut.
Nom de personne Ndayikeza, Adeline
245 10 - MENTION DU TITRE
Titre Etude des préferences Alimentaires du ver de terre Eudrilus eugeniae (kinberg,1867) vis à vis de Six déchets organigues
Mention de responsabilité, etc. Adeline Ndayikeza ; Prudence Bararunyeretse
260 ## - PUBLICATION, DIFFUSION, ETC. (ADRESSE BIBLIOGRAPHIQUE)
Lieu de publication, diffusion, etc. Bujumbura
Nom de l'éditeur, diffuseur, etc. Université du Burundi, Faculté des Sciences
Date of publication, distribution, etc 2025
300 ## - DESCRIPTION MATÉRIELLE
Collation XII-42 f.
Dimensions 30 cm.
502 ## - NOTE DE THÈSE OU MÉMOIRE
Note de thèse Mémoire présenté en vue de l'obtention du diplôme de master en Sciences et Gestion Intégrée de l"environnement<br/>Spécialité : Gestion des Resources Naturelles
650 #7 - VEDETTE-MATIÈRE - NOM COMMUN
Source du terme BI-BuBU
Vedette de sujet ou vedette comportant un nom géographique Compost
Subdivision générale vers de terre
-- préferences Alimentaires
655 ## - TERME D'INDEXATION - GENRE OU FORME
Source du terme BI-BuBU
700 ## - VEDETTE SECONDAIRE - NOM DE PERSONNE
Code de relation dir.
Nom d'auteur Bararunyeretse , Prudence
9 (RLIN) 86866
942 ## - ÉLÉMENTS D'ENTRÉE ADDITIONNELLE (KOHA)
Source de la classification ou du système de rangement
Type d item koha Memoire
Holdings
Statut de retrait Statut de perte Source de la classification ou du système de rangement Statut de déterioration Exclu du prêt Numéro d item Koha Localisation permanente Localisation actuelle Date d'acquisition Source d'acquisition Nombre de prêts Cote Code-barres Date last seen Numéro d'exemplaire Prix en vigueur à partir du Type d item koha Numero d'inventaire
        Not For Loan 85721 Bibliothèque Centrale Bibliothèque Centrale 13/05/2026 don de l'auteur   R.631.879.4 NDA. 5010000672645 13/05/2026 1 13/05/2026 Memoire 242197
© 2019-2026 - Bibliothèques de l'Université du Burundi |Tous droits réservés
home | Pour toute information urgente Contactez nous | tel whatsupp: +25779204313